00675nam a22001817a 450000500170000002000250001703700210004210000260006324500720008926000280016127000500018930000470023949000240028670000270031094200170033799900170035495201220037120111212115542.0 a9780007244423c75.00 bBlueberry Books  aWarren, Celia 936773 aWhere is the wind? /cby Celia Warren; illustrated by Lisa Williams aLondon bCollins c2007 a77-85 Fulhom Palace Road, HammersmithbLondon aLevel 2-book A (24p.) bill. c20cm(pbk)  aRead at home936774 a Williams, Lisa936775 2ddccCHmWAR c59266d59266 00103Level 2-bo4070aAGbAGd2011-12-12g75.00l0oWARr2011-12-12 00:00:00v75.00w2011-12-12yCHzLevel 2-book A